Návrh lávky pre peších a rozhľadne - premostenie Slnečné Jazerá
Guardado en:
| Autor principal: | |
|---|---|
| Otros Autores: | |
| Formato: | Manuscrito Libro |
| Lenguaje: | eslovaco |
| Publicado: |
2020
|
| Materias: | |
| Acceso en línea: | http://is.stuba.sk/zp/portal_zp.pl?podrobnosti=152042 https://opac.crzp.sk/?fn=detailBiblioForm&sid=F0D9EA643ED4040319EB1E1BE0B8 |
| Etiquetas: |
Sin Etiquetas, Sea el primero en etiquetar este registro!
|
MARC
| LEADER | 00000ntm a22000003a 4500 | ||
|---|---|---|---|
| 001 | stuzp78927 | ||
| 003 | SK-STU | ||
| 005 | 20230516130952.8 | ||
| 007 | ta | ||
| 008 | 150427s2015----xo-----f-mn---000-0-slo-d | ||
| 040 | |a STU |b slo | ||
| 041 | 0 | |a slo | |
| 100 | 1 | |a Bindas, Erik |u 010190 |4 aut |U SvF Stavebná fakulta |T SvF Katedra kovových a drevených konštrukcií |X 81082 |U V190 |Y 21 |7 81082 | |
| 242 | 0 | 1 | |a Design of a pedestrian bridge and an observation tower - Bridge over Slnečné Jazerá |y eng |
| 245 | 1 | 0 | |a Návrh lávky pre peších a rozhľadne - premostenie Slnečné Jazerá |
| 260 | |c 2020 | ||
| 650 | 4 | |a priehradová |2 slo | |
| 650 | 4 | |a lávka |2 slo | |
| 650 | 4 | |a zavesená |2 slo | |
| 650 | 4 | |a rozhľadňa |2 slo | |
| 650 | 4 | |a pedestrian bridge |2 eng | |
| 650 | 4 | |a observation tower |2 eng | |
| 650 | 4 | |a girder |2 eng | |
| 650 | 4 | |a suspension |2 eng | |
| 700 | 1 | |a Brodniansky, Ján |u 010190 |k Z1 |4 ths |U SvF Stavebná fakulta |T SvF Katedra kovových a drevených konštrukcií |X 49133 |U V190 |Y 21 |7 A000049133 | |
| 856 | 4 | |u http://is.stuba.sk/zp/portal_zp.pl?podrobnosti=152042 | |
| 856 | 4 | |u https://opac.crzp.sk/?fn=detailBiblioForm&sid=F0D9EA643ED4040319EB1E1BE0B8 | |